|
|
|
|
| LEADER |
00000nab a2200000 a 4500 |
| 001 |
vtls000701417 |
| 003 |
SK-MaSNL |
| 005 |
20260304111339.0 |
| 008 |
250429c1999 xo 0 slo |
| 015 |
|
|
|a SNBRB1999/09-22150
|
| 035 |
|
|
|a CLN000053584
|
| 035 |
|
|
|a urn:nbn:sk:snk-abeqi1
|
| 035 |
|
|
|a (urnnbn)urn:nbn:sk:snk:ar-000d9d
|
| 035 |
|
|
|a (uuid)cfa09622-4c0d-475e-982e-93d3c1b0f5b4
|
| 040 |
|
|
|a SNKBUCL
|b slo
|c SNKBUCL
|e AACR2
|
| 041 |
0 |
|
|a slo
|
| 044 |
|
|
|a xo
|c SK
|
| 080 |
|
|
|a 82:929:885.4
|2 1997
|
| 080 |
|
|
|a 885.4:929
|2 1997
|
| 080 |
|
|
|a 929 Kondrót, Vojtech
|2 1997
|
| 100 |
1 |
|
|a Moravčík, Štefan,
|d 1943-
|4 ain
|9 98697
|
| 245 |
1 |
0 |
|a Na neposednej posiedke s Vojtechom Kondrótom
|c pripravil Štefan Moravčík
|
| 600 |
1 |
7 |
|a Kondrót, Vojtech,
|d 1940-2003
|2 snkbucl
|9 109792
|
| 655 |
|
7 |
|a články z novín a časopisov
|2 snkbucl
|9 267496
|
| 655 |
|
7 |
|a články z odboru literárna veda a krásna literatúra
|2 snkbucl
|9 770045
|
| 700 |
1 |
|
|a Kondrót, Vojtech,
|d 1940-2003
|4 aut
|4 uin
|9 109792
|
| 773 |
0 |
|
|t Slovenské pohľady
|g Roč. 4+115, č. 9 (1999), s. 78-80
|
| 850 |
|
|
|a Slovenská národná knižnica
|
| 852 |
|
|
|a Slovenská národná knižnica
|
| 958 |
|
|
|a article27
|
| 958 |
|
|
|a BX
|
| 958 |
|
|
|a SK
|
| 958 |
|
|
|a LX
|
| 958 |
|
|
|a OND
|
| 958 |
|
|
|a EUIPO
|
| 992 |
|
|
|a RBX
|
| 999 |
|
|
|c 2862239
|d 2864169
|